| 000 | 00667nam a2200253Ia 4500 | ||
|---|---|---|---|
| 005 | 20260429111902.0 | ||
| 008 | 260429s9999||||xx |||||||||||||| ||und|| | ||
| 020 | _a9788198146120 | ||
| 041 | _aEnglish | ||
| 082 |
_a398 _bPHO |
||
| 100 | _aPhogat, Geeta | ||
| 245 | 0 |
_aMyths and folklores reading narratives of culture / _cGeeta Phogat |
|
| 260 |
_aJaipur : _bY King Books, _c2025. |
||
| 300 | _axiii, 238 p.; hb | ||
| 650 | _a Cultural studies | ||
| 650 | _a Literary criticism | ||
| 650 | _a Myths | ||
| 650 | _a Oral traditions | ||
| 650 | _aFolklore | ||
| 700 | _a Attri, Shalini | ||
| 700 | _a Pallavi | ||
| 700 | _a Sil, Sudipta | ||
| 942 | _cTB | ||
| 999 |
_c51278 _d51278 |
||